|
|
|
|
| LEADER |
01675nam a2200457 a 4500 |
| 001 |
nkc20081795331 |
| 003 |
CZ PrNK |
| 005 |
20091020100913.0 |
| 007 |
ta |
| 008 |
080307s2008 xr e 000 0 cze |
| 015 |
|
|
|a cnb001795331
|
| 020 |
|
|
|a 978-80-7367-314-7
|q (brož.)
|
| 035 |
|
|
|a (OCoLC)237190930
|
| 040 |
|
|
|a ABA001
|b cze
|
| 072 |
|
7 |
|a 37.09
|x Organizace výuky a vzdělávání
|2 Konspekt
|9 22
|
| 080 |
|
|
|a 37.091.26/.27
|2 MRF
|
| 080 |
|
|
|a 37.091.267
|2 MRF
|
| 080 |
|
|
|a 37.015.3
|2 MRF
|
| 080 |
|
|
|a (035)
|2 MRF
|
| 100 |
1 |
|
|a Košťálová, Hana
|7 ola2006323624
|4 aut
|
| 245 |
1 |
0 |
|a Školní hodnocení žáků a studentů :
|b se zaměřením na slovní hodnocení /
|c Hana Košťálová, Šárka Miková, Jiřina Stang
|
| 246 |
3 |
|
|a Školní hodnocení žáků a studentů se zaměřením na slovní hodnocení
|
| 250 |
|
|
|a Vyd. 1.
|
| 260 |
|
|
|a Praha :
|b Portál,
|c 2008
|
| 300 |
|
|
|a 151 s. ;
|c 23 cm
|
| 504 |
|
|
|a Obsahuje bibliografii a bibliografické odkazy
|
| 650 |
0 |
7 |
|a hodnocení žáků
|7 ph120775
|2 czenas
|
| 650 |
0 |
7 |
|a slovní hodnocení
|7 ph391056
|2 czenas
|
| 650 |
0 |
7 |
|a pedagogická psychologie
|7 ph124012
|2 czenas
|
| 650 |
0 |
9 |
|a evaluation of school children
|2 eczenas
|
| 650 |
0 |
9 |
|a verbal evaluation
|2 eczenas
|
| 650 |
0 |
9 |
|a educational psychology
|2 eczenas
|
| 655 |
|
7 |
|a příručky
|7 fd133209
|2 czenas
|
| 655 |
|
9 |
|a handbooks and manuals
|2 eczenas
|
| 700 |
1 |
|
|a Miková, Šárka
|7 xx0078422
|4 aut
|
| 700 |
1 |
|
|a Majerová, Jiřina
|7 xx0078423
|4 aut
|
| 910 |
2 |
|
|a BOA001
|b 2-1208.734
|
| 990 |
|
|
|a BK
|
| 995 |
|
|
|a 01
|
| 991 |
|
|
|b 200807
|c NOV
|
| 996 |
6 |
|
|b 2610349995
|c 2-1208.734
|l MZK
|r HSS 4p
|n 0
|p kup
|h 371 KOŠ
|w 001070757
|u 000010
|a 0
|e BOA001
|j MZK50
|s P
|